000 00637nam a2200169Ia 4500
003 IN-BaIIA
008 211028s9999 xx s 000 0 eng d
020 _a9780819441737 (Print)
040 _cIIA Library
100 _aYin, Shizhuo, ed.
_932068
245 0 _aPhotorefractive Fiber and Crystal Devices: Materials, Optical Properties, and Applications VII, and Optical Data Storage
_h[eBook]
260 _aWashington, USA
_bSPIE
_c2002
300 _aOnline resource
490 _aProceedings of SPIE; V. 4459
856 _uhttps://www.spiedigitallibrary.org/conference-proceedings-of-spie/4459
_yClick Here to Access eBook
942 _cEB
999 _c31087
_d31087